=LDR 00000nam 2200000 4500 =001 INLIS000000000000353 =005 20150310094647.0 =006 =007 =008 Ind =035 ##$$0010-061300000000353 =041 ##$$a Ind =082 ##$$a 910.7 =090 ##$$a 910.7 Ren p =100 ##$$a Rendra, Undang =245 ##$$a Penuntun belajar geografi berdasarkan kurikulum baru GBPP 1994 untuk SLTP kelas 1,2 caturwulan I, II dan III / Undang Rendra =260 ##$$a Bandung $b Ganeca Exact $c 1994 =300 ##$$a ...jild. : ilus. ; 21 cm =650 ##$$a Geografi =650 ##$$a Studi dan Pengajaran =850 ##$$a NBPNMAT